|
|
|
|
| LEADER |
00998nam a2200289 4500 |
| 001 |
c000318242 |
| 003 |
CARM |
| 005 |
00000000000000.0 |
| 008 |
731005s1973 fr b 000 0 fre |
| 010 |
|
|
|a 73169309 //r94
|
| 015 |
|
|
|a F***
|
| 019 |
1 |
|
|a 395764
|5 LACONCORD2021
|
| 035 |
|
|
|a (OCoLC)731014
|5 LACONCORD2021
|
| 043 |
|
|
|a e-fr---
|
| 050 |
0 |
0 |
|a PN5189.P33
|b J63
|
| 082 |
0 |
0 |
|a 074/.36
|
| 100 |
1 |
|
|a Dumont, Patrick.
|
| 245 |
1 |
0 |
|a Étude de mentalité; la petite bourgeoisie vue à travers les contes quotidiens du Journal (1894-1895).
|
| 260 |
|
|
|a Paris,
|b Lettres modernes,
|c 1973.
|
| 300 |
|
|
|a 155 p.
|c 19 cm.
|
| 490 |
0 |
|
|a Avant-siècle, 8
|
| 504 |
|
|
|a Bibliography: p. 155.
|
| 630 |
|
0 |
|a Le Journal, Paris.
|
| 650 |
|
0 |
|a Middle class
|z France.
|
| 852 |
8 |
|
|b CARM
|h A1:AN28F0
|i B08899
|p 0419227
|f BK
|
| 999 |
f |
f |
|i b76e52c9-5d38-5f6d-9d50-e1871e54db20
|s 608084b0-7f39-5e82-9222-d3861ca2a302
|
| 952 |
f |
f |
|p Can circulate
|a CAVAL
|b CAVAL
|c CAVAL
|d CARM 1 Store
|e B08899
|f A1:AN28F0
|h Other scheme
|i book
|m 0419227
|